[Event "Marseille op 5th"]
[Site "Marseille"]
[Date "2012.12.27"]
[Round "5"]
[White "Riols, Jacques"]
[Black "Sage, Jean Claude"]
[Result "1-0"]
[WhiteElo "1806"]
[BlackElo "1630"]
[PlyCount "61"]
[EventDate "2012.12.26"]
[EventType "swiss"]
[EventRounds "9"]
[EventCountry "FRA"]
[SourceTitle "EXT 2014"]
[Source "ChessBase"]
[SourceDate "2013.11.20"]
[SourceVersion "1"]
[SourceVersionDate "2013.11.20"]
[SourceQuality "1"]

1. e4 e5 2. Nf3 Nc6 3. Bc4 Nf6 4. d3 Be7 5. c3 h6 6. b4 a6 7. Nbd2 d6 8. Bb2 Be6 9. Qb3 d5 10. exd5 Bxd5 11. 0-0 Bxc4 12. Nxc4 Bd6 13. Rfe1 Nd7 14. d4 f6 15. dxe5 fxe5 16. Rad1 Qf6 17. Nxd6+ cxd6 18. Qd5 Nb6 19. Qb3 0-0-0 20. b5 Na5 21. Qb4 Nac4 22. bxa6 bxa6 23. Bc1 Kc7 24. Be3 Nxe3 25. Rxe3 Rb8 26. Qa5 Ra8 27. c4 Rhb8 28. c5 dxc5 29. Qxc5+ Qc6 30. Qxe5+ Kb7 31. Qxg7+ 1-0

[Event "Marseille op 5th"]
[Site "Marseille"]
[Date "2012.12.26"]
[Round "1"]
[White "Riols, Jacques"]
[Black "Nikolov, Momchil"]
[Result "0-1"]
[WhiteElo "1806"]
[BlackElo "2542"]
[PlyCount "54"]
[EventDate "2012.12.26"]
[EventType "swiss"]
[EventRounds "9"]
[EventCountry "FRA"]
[SourceTitle "EXT 2014"]
[Source "ChessBase"]
[SourceDate "2013.11.20"]
[SourceVersion "1"]
[SourceVersionDate "2013.11.20"]
[SourceQuality "1"]

1. c4 Nf6 2. Nc3 c5 3. g3 d5 4. cxd5 Nxd5 5. Bg2 Nc7 6. Nf3 Nc6 7. d3 e5 8. 0-0 Be7 9. Be3 Rb8 10. Rc1 f6 11. Nd2 Bd7 12. Nce4 b6 13. Nc4 0-0 14. f4 Nd5 15. Bd2 exf4 16. Bxf4 Nxf4 17. Rxf4 f5 18. Ned2 Bg5 19. Rf1 Qe7 20. e4 fxe4 21. Bxe4 Rxf1+ 22. Kxf1 b5 23. Na3 Rf8+ 24. Kg1 Qf6 25. Qe2 Nd4 26. Qe1 Bxd2 27. Qxd2 Bh3 0-1